Festival Paul Claudel en el Instituto del Teatro
Colección:
San Jorge,
; núm. 14 (abril 1954), pàg 119
Materias:
Claudel, Paul, -- 1868-1955
; Instituto del Teatro (Barcelona, Catalunya)
; Festivals de teatre
Idioma:
Español
MARC
| LEADER | 00000naa a2200000 a 4500 | ||
|---|---|---|---|
| 003 | Arxiu | ||
| 005 | 20260324181041.0 | ||
| 008 | 160829s1954 spcaxx s spa c | ||
| 040 | |a agdb | ||
| 245 | 0 | 0 | |a Festival Paul Claudel en el Instituto del Teatro |
| 490 | |a San Jorge, |v núm. 14 (abril 1954), pàg 119 | ||
| 600 | 1 | 0 | |9 22789 |a Claudel, Paul, |d 1868-1955 |
| 610 | 2 | 0 | |a Instituto del Teatro (Barcelona, Catalunya) |9 54846 |
| 650 | |a Festivals de teatre |9 31425 | ||
| 773 | |g Núm. 14 (abril 1954), pàg 119 |t San Jorge. | ||
| 901 | |a Arxiu | ||
| 942 | |n 1 |2 udc |c ART | ||
| 952 | |0 0 |1 0 |4 0 |6 REV509 |7 1 |9 64820 |a Arxiu |b Arxiu |d 2022-12-14 |l 0 |o Rev-509 |r 2022-12-14 00:00:00 |w 2022-12-14 |y ARXIU | ||
| 999 | |c 49083 |d 49083 | ||